| 000 | 01891nam0a2200337 i 4500 | ||
|---|---|---|---|
| 001 | RU\NLR\BIBL_A\010702690 | ||
| 005 | 20260409065534.0 | ||
| 010 |
_a9785723712331 _9500 |
||
| 021 |
_aRU _b2015-5703 _9358 |
||
| 035 | _a(NILC)RuMoRGB-007861793 | ||
| 035 | _a(NLR Aleph) 010702690 | ||
| 090 |
_a9728531 _c9728531 |
||
| 100 | _a20150318d2014 m y0rusy50 ca | ||
| 101 | 0 |
_arus _aeng |
|
| 102 | _aRU | ||
| 105 | _ay|||j|||000yy | ||
| 200 | 1 |
_aСборник упражнений по основным разделам грамматики _e[для студентов и магистрантов вузов технологического профиля] _fМ-во образования и науки Российской Федерации, Российский химико-технологический ун-т им. Д. И. Менделеева _g[Т. И. Кузнецова и др.] |
|
| 210 |
_aМосква _cРХТУ _d2014 |
||
| 215 |
_a35, [1] с. _d21 |
||
| 300 | _aТекст рус., англ. | ||
| 606 |
_aАнглийский язык _xГрамматика _jУчебные издания для высших учебных заведений _3RU\NLR\AUTH\6644367 _9969198 |
||
| 606 | 1 |
_aАнглийский язык _xУчебные издания для технических специальностей _92396263 _3RU\NLR\AUTH\661428685 |
|
| 686 | 1 | _aШ143.21-93рус3-2 | |
| 686 | 1 | _aШ143.21-93рус328.7 | |
| 702 | 1 |
_4220 _8rus _7ca _aКузнецова _bТ. И. _cд-р пед. наук _gТатьяна Игоревна _3RU\NLR\AUTH\77123803 _9106728 |
|
| 712 | 0 | 2 |
_4570 _aРоссийский химико-технологический университет им. Д. И. Менделеева _3RU\NLR\AUTH\883338 _9277911 |
| 801 | 0 |
_aRU _bРГБ _c20150206 _gRCR |
|
| 942 | _cBOOK | ||
| 980 | _aNBR | ||